Privatization is top priority in Eastern Europe, says Sachs.

Hlavné tézy referátov prednesených na Výročnej konferencii Svetovej banky o ekonomike rozvoja vo Washingtone. Potreba dôslednej privatizácie na príklade Poľska a cesty k nej. Vývoj hospodárskej krízy v ZSSR. Preberanie zjednodušených návodov zo zastaralých ekonomických učebníc USA. Politické aspekty...

Descrizione completa

Salvato in:
Dettagli Bibliografici
Autore principale: Khanna, V.R
Natura: Capitolo di libro
Lingua:inglese
Soggetti:
Tags: Aggiungi Tag
Nessun Tag, puoi essere il primo ad aggiungerne!!

MARC

LEADER 00000naa a2200000 4500
001 r004583
005 20221213084156.0
041 0 |a eng 
044 |a US 
245 1 0 |a Privatization is top priority in Eastern Europe, says Sachs.  |c V.R. Khanna 
520 |a Hlavné tézy referátov prednesených na Výročnej konferencii Svetovej banky o ekonomike rozvoja vo Washingtone. Potreba dôslednej privatizácie na príklade Poľska a cesty k nej. Vývoj hospodárskej krízy v ZSSR. Preberanie zjednodušených návodov zo zastaralých ekonomických učebníc USA. Politické aspekty rozvoja ekonomík. 
610 2 0 |a privatizácia 
610 2 0 |a rozvoj hospodársky 
610 2 0 |a kríza hospodárska 
610 2 0 |a východná Európa 
610 2 0 |a konferencie 
610 2 0 |a Washington 
610 2 0 |a 1991 
610 2 0 |a IBRD 
100 1 |a Khanna, V.R.